000 00307nam a2200097Ia 4500
001 775586
005 20250826165832.0
008 250824s9999 xx 000 0 und d
245 0 _aATATÜRKÜN EĞİTİM İLE İLGİLİ DÜŞÜNCELERİ
_cAHMET BEKİR PALAZOĞLU
260 _bMİLLİ EĞİTİM BAKANLIĞI YAYINLARI
999 _c775586
_d775586